<?xml version="1.0" encoding="UTF-8"?>
<collection xmlns="http://www.loc.gov/MARC21/slim">
 <record>
  <leader>     na                 </leader>
  <controlfield tag="001">INLIS000000000692667</controlfield>
  <controlfield tag="005">20200702074953</controlfield>
  <datafield tag="035" ind1=" " ind2=" ">
   <subfield code="a">0010-0720000016</subfield>
  </datafield>
  <controlfield tag="006">a    g b    001 0</controlfield>
  <controlfield tag="007">ta</controlfield>
  <controlfield tag="008">191206t2019    jbi    g b    001 0 ind</controlfield>
  <datafield tag="040" ind1=" " ind2=" ">
   <subfield code="a">JIPUBAY</subfield>
   <subfield code="b">ind</subfield>
   <subfield code="e">rda</subfield>
  </datafield>
  <datafield tag="100" ind1="0" ind2=" ">
   <subfield code="a">Sarwiji Suwandi,</subfield>
   <subfield code="d">1962-</subfield>
   <subfield code="d">Sarwiji Suwandi,</subfield>
   <subfield code="d">1962-</subfield>
   <subfield code="d">1962-</subfield>
   <subfield code="e">penulis</subfield>
   <subfield code="e">penulis</subfield>
   <subfield code="e">Sarwiji Suwandi,</subfield>
   <subfield code="e">penulis</subfield>
  </datafield>
  <datafield tag="245" ind1="1" ind2="0">
   <subfield code="a">Pendidikan literasi :</subfield>
   <subfield code="b">membangun budaya belajar, profesionalisme pendidik, dan budaya kewirausahaan untuk mewujudkan marwah bangsa /</subfield>
   <subfield code="c">Prof. Dr. Sarwiji Suwandi, Mpd.; editor, Dr. Heru Kurniawan, M.A., Nur Asri N</subfield>
  </datafield>
  <datafield tag="250" ind1=" " ind2=" ">
   <subfield code="a">Cetakan pertama, Juli 2019</subfield>
  </datafield>
  <datafield tag="300" ind1=" " ind2=" ">
   <subfield code="a">xiii, 208 halaman ;</subfield>
   <subfield code="c">25 cm</subfield>
  </datafield>
  <datafield tag="504" ind1=" " ind2=" ">
   <subfield code="a">Bibliografi : halaman 173-184</subfield>
  </datafield>
  <datafield tag="020" ind1=" " ind2=" ">
   <subfield code="a">978-602-446-349-6</subfield>
  </datafield>
  <datafield tag="082" ind1="0" ind2="4">
   <subfield code="2">[23]</subfield>
   <subfield code="a">374.012 4</subfield>
  </datafield>
  <datafield tag="084" ind1=" " ind2=" ">
   <subfield code="a">374.012 4 SAR p</subfield>
  </datafield>
  <datafield tag="264" ind1=" " ind2="0">
   <subfield code="a">Bandung :</subfield>
   <subfield code="b">Remaja Rosdakarya,</subfield>
   <subfield code="c">2019.</subfield>
  </datafield>
  <datafield tag="336" ind1=" " ind2=" ">
   <subfield code="2">rdacontent</subfield>
   <subfield code="a">teks</subfield>
  </datafield>
  <datafield tag="337" ind1=" " ind2=" ">
   <subfield code="2">rdamedia</subfield>
   <subfield code="a">tanpa perantara</subfield>
  </datafield>
  <datafield tag="338" ind1=" " ind2=" ">
   <subfield code="2">rdacarrier</subfield>
   <subfield code="a">volume</subfield>
  </datafield>
  <datafield tag="500" ind1=" " ind2=" ">
   <subfield code="a">Indeks</subfield>
  </datafield>
  <datafield tag="520" ind1=" " ind2=" ">
   <subfield code="a">Gerakan Literasi Nasional yang dicanangkan pemerintah kini tengah dilaksanakan di berbagai sector kehidupan. Gerakan literasi tidak sebatas gerakan membaca dan menulissaja, tetap terkait erat dengan gerakan Bersama dalam memahami informasi dan ilmi pengetahuan secara komprehensif sehingga setiap orang bisa memiliki pemahaman analitis dan kritis yang baik. Secara singkat, literasi dalam memahami informasi dan ilmu pengetahuan dapat meningkatkan derajat hidup dan kesejahteraan seseorang. Literasi bersifat kompleks dan komprehensif karena menjadi kemampuan dasar yang harus dimiliki oleh seseorang dalam konteks kehidupannya. Untuk itu, Pendidikan literasi dalam ruang keluarga, sekolah, masyarakat, dan berbangsa-bernegara menjadi hal penting yang harus ditumbuhkan dan dibudayakan. Dari sinilah, buku ini membahas dan memperkaya wacana Pendidikan literasi dalam membangun budaya belajar, profesionalisme pendidik, dan budaya kewirausahaan untuk mewujudkan marwah bangsa.</subfield>
  </datafield>
  <datafield tag="650" ind1=" " ind2="4">
   <subfield code="a">Literasi</subfield>
  </datafield>
  <datafield tag="650" ind1=" " ind2="4">
   <subfield code="a">Pendidikan literasi</subfield>
  </datafield>
  <datafield tag="650" ind1=" " ind2="4">
   <subfield code="a">Geraka literasi</subfield>
  </datafield>
  <datafield tag="700" ind1="0" ind2=" ">
   <subfield code="a">Heru Kurniawan</subfield>
   <subfield code="e">editor</subfield>
  </datafield>
  <datafield tag="700" ind1="0" ind2=" ">
   <subfield code="a">Nur Asri N</subfield>
   <subfield code="e">editor</subfield>
  </datafield>
  <datafield tag="850" ind1=" " ind2=" ">
   <subfield code="a">JIPUBAY</subfield>
  </datafield>
 </record>
</collection>
